Focus West London and West boroughs (Record no. 78357)
[ view plain ]
| 000 -LEADER | |
|---|---|
| fixed length control field | 00990cab a2200217 4500 |
| 001 - CONTROL NUMBER | |
| control field | L136589 |
| 008 - FIXED-LENGTH DATA ELEMENTS--GENERAL INFORMATION | |
| fixed length control field | 070209n2007 000 0 eng u |
| 035 ## - SYSTEM CONTROL NUMBER | |
| System control number | (Sirsi) u136589 |
| 041 0# - LANGUAGE CODE | |
| Language code of text/sound track or separate title | eng |
| 100 1# - MAIN ENTRY--PERSONAL NAME | |
| Personal name | Cunningham, Daniel |
| 245 00 - TITLE STATEMENT | |
| Title | Focus West London and West boroughs |
| 260 ## - PUBLICATION, DISTRIBUTION, ETC. | |
| Date of publication, distribution, etc. | 2007 |
| 490 00 - SERIES STATEMENT | |
| Series statement | Estates Gazette |
| Volume/sequential designation | (0705) 3 February 2007, 129-143(10) |
| 520 ## - SUMMARY, ETC. | |
| Summary, etc. | Looks at speculative warehouse space due to appear on the industrial market in Hounslow and Uxbridge over the next 12 months. Covers White City's position just outside the congestion charging extension and asks whether this will be enough to attract shoppers away from local pitches. Examines the refurbishment of the Ark in Hammersmith and questions whether it will achieve the top rents that local agents hope for. |
| 590 ## - LOCAL NOTE (RLIN) | |
| Local note | KA |
| 651 #4 - SUBJECT ADDED ENTRY--GEOGRAPHIC NAME | |
| Geographic name | WEST LONDON |
| 690 ## - LOCAL SUBJECT ADDED ENTRY--TOPICAL TERM (OCLC, RLIN) | |
| Topical term or geographic name as entry element | PROPERTY-COMMERCIAL PROPERTY-COMMERCIAL PROPERTY MARKET |
| 700 1# - ADDED ENTRY--PERSONAL NAME | |
| Personal name | Harris, David |
| 700 1# - ADDED ENTRY--PERSONAL NAME | |
| Personal name | Cavanagh, Elaine |
| 942 ## - ADDED ENTRY ELEMENTS (KOHA) | |
| Suppress in OPAC | 0 |
| Withdrawn status | Lost status | Source of classification or shelving scheme | Damaged status | Not for loan | Home library | Current library | Shelving location | Date acquired | Total Checkouts | Full call number | Barcode | Date last seen | Copy number | Price effective from | Koha item type |
|---|---|---|---|---|---|---|---|---|---|---|---|---|---|---|---|
| Dewey Decimal Classification | London | London | Journal article | 09/02/2007 | L136589 | 136589-1001 | 06/08/2019 | 1 | 06/08/2019 | Journal article |